Austriaccy skoczkowie narciarscy z punktami PŚ w sezonie 2025/26 - Statystyki

Ogólne statystyki
  • Ten quiz został rozwiązany 21 razy
  • Średni wynik to 7 z 9
Statystyki odpowiedzi
Miejsce w PŚ Skoczek narciarski Liczba punktów % Poprawnych
10. Stefan Kraft 631
100%
3. Daniel Tschofenig 1159
95%
8. Jan Hörl 772
95%
13. Manuel Fettner 589
90%
45. Clemens Aigner 48
80%
6. Stephan Embacher 992
80%
17. Maximilian Ortner 432
75%
18. Jonas Schuster 426
70%
51. Markus Mueller 33
45%
Nie znaleziono quizów pasujących do podanych kryteriów
Rozkład punktacji
Procent ludzi z każdym wynikiem
Percentyl według liczby udzielonych odpowiedzi
Twoja historia wyników
Nie rozwiązałeś tego quizu